000 00317nam a22001337a 4500
008 170913b xxu||||| |||| 00| 0 eng d
020 _a9780201483673
041 _aeng
080 _a53
100 _a43
101 _aFIZ
245 _aMATURATIONAL WINDOWS AND ADULT CORTICAL PLASTICITY
_cJULESZ,B
942 _2udc
_cBK
999 _c27464
_d27464